Endangered animals / (Record no. 4495)

MARC details
000 -LEADER
fixed length control field 01097pam a2200349 a 4500
001 - CONTROL NUMBER
control field 4495
003 - CONTROL NUMBER IDENTIFIER
control field FISKH
005 - DATE AND TIME OF LATEST TRANSACTION
control field 20240912101609.0
008 - FIXED-LENGTH DATA ELEMENTS--GENERAL INFORMATION
fixed length control field 831216s1984 ilua j 001 0 eng
010 ## - LIBRARY OF CONGRESS CONTROL NUMBER
LC control number 83026323
020 ## - INTERNATIONAL STANDARD BOOK NUMBER
International Standard Book Number 0516017241 (lib. bdg.)
020 ## - INTERNATIONAL STANDARD BOOK NUMBER
International Standard Book Number 9780516237596+
040 ## - CATALOGING SOURCE
Original cataloging agency DLC
Transcribing agency DLC
Modifying agency DLC
Language of cataloging eng
050 ## - LIBRARY OF CONGRESS CALL NUMBER
Classification number QL83.S76
082 ## - DEWEY DECIMAL CLASSIFICATION NUMBER
Classification number 333.95
100 1# - MAIN ENTRY--PERSONAL NAME
Personal name Stone, Lynn M.
245 10 - TITLE STATEMENT
Title Endangered animals /
Statement of responsibility, etc. by Lynn M. Stone.
260 ## - PUBLICATION, DISTRIBUTION, ETC.
Place of publication, distribution, etc. New York ;
Name of publisher, distributor, etc. Scholastic,
Date of publication, distribution, etc. 1984.
300 ## - PHYSICAL DESCRIPTION
Extent 45 pages :
Other physical details color illustrations ;
Dimensions 22 cm
490 0# - SERIES STATEMENT
Series statement A New true book
505 ## - FORMATTED CONTENTS NOTE
Formatted contents note R<br/>
520 ## - SUMMARY, ETC.
Summary, etc. Discusses various endangered animal species in the world, why and how they become endangered, and what can be done to save them.
521 8# - TARGET AUDIENCE NOTE
Target audience note 720<br/>
Source Lexile <br/>
521 8# - TARGET AUDIENCE NOTE
Target audience note R<br/>
Source Raz-Plus <br/>
650 #0 - SUBJECT ADDED ENTRY--TOPICAL TERM
Topical term or geographic name entry element Endangered species
General subdivision Juvenile literature.
650 #0 - SUBJECT ADDED ENTRY--TOPICAL TERM
Topical term or geographic name entry element Rare animals
General subdivision Juvenile literature.
650 #1 - SUBJECT ADDED ENTRY--TOPICAL TERM
Topical term or geographic name entry element Rare animals.
650 #1 - SUBJECT ADDED ENTRY--TOPICAL TERM
Topical term or geographic name entry element Wildlife conservation.
906 ## - LOCAL DATA ELEMENT F, LDF (RLIN)
a 7
b cbc
c orignew
d 1
e ocip
f 19
g y-gencatlg
942 ## - ADDED ENTRY ELEMENTS (KOHA)
Source of classification or shelving scheme Dewey Decimal Classification
Koha item type Books
Suppress in OPAC No
Holdings
Withdrawn status Lost status Source of classification or shelving scheme Damaged status Not for loan Collection Home library Current library Shelving location Date acquired Total Checkouts Full call number Barcode Date last seen Date last checked out Price effective from Koha item type
    Dewey Decimal Classification     Non-Fiction Footprints International School Library Network Toul Kork Campus Footprints International School Library Network Toul Kork Campus TK Primary Library Room(4th Floor), Bookcase 5&6, Shelves 33-56, Orange Books 09/12/2024 1 STO 333.95 QL83.S76 FISTK00772 11/22/2024 10/11/2024 09/12/2024 Books